Catálogo - Centro de Recursos para el Aprendizaje y la Investigación
Volver al Sitio - CRAI Biblioteca| 000 -CABECERA | |
|---|---|
| campo de control de longitud fija | 01288nam a22002897a 4500 |
| 001 - NÚMERO DE CONTROL | |
| campo de control | 113824 |
| 003 - IDENTIFICADOR DEL NÚMERO DE CONTROL | |
| campo de control | DR-UNIBE |
| 005 - FECHA Y HORA DE LA ÚLTIMA TRANSACCIÓN | |
| campo de control | 20250703110650.0 |
| 007 - CAMPO FIJO DE DESCRIPCIÓN FÍSICA--INFORMACIÓN GENERAL | |
| campo de control de longitud fija | cr nn 008mamaa |
| 008 - DATOS DE LONGITUD FIJA--INFORMACIÓN GENERAL | |
| campo de control de longitud fija | 250703b2025 xxk||||| |||| 00| 0 eng d |
| 020 ## - NÚMERO INTERNACIONAL ESTÁNDAR DEL LIBRO | |
| Número Internacional Estándar del Libro | 9781399413923 |
| 020 ## - NÚMERO INTERNACIONAL ESTÁNDAR DEL LIBRO | |
| Número Internacional Estándar del Libro | 9781399413947 (electrónico) |
| 040 ## - FUENTE DE LA CATALOGACIÓN | |
| Centro catalogador/agencia de origen | BIBLIOTECA UNIBE |
| Centro/agencia transcriptor | BIBLIOTECA UNIBE |
| Normas de descripción | rda |
| 041 ## - CÓDIGO DE LENGUA | |
| Código de lengua del texto/banda sonora o título independiente | eng |
| 100 ## - ENTRADA PRINCIPAL--NOMBRE DE PERSONA | |
| Nombre de persona | Stein Lubrano, Sarah |
| Término indicativo de función/relación | autor |
| 9 (RLIN) | 196948 |
| 245 ## - MENCIÓN DE TÍTULO | |
| Título | Don't talk about politics : |
| Resto del título | how to change 21st-century minds |
| 260 ## - PUBLICACIÓN, DISTRIBUCIÓN, ETC. | |
| Lugar de publicación, distribución, etc. | London : |
| Nombre del editor, distribuidor, etc. | Bloomsbury Continuum, |
| Fecha de publicación, distribución, etc. | 2025 |
| 300 ## - DESCRIPCIÓN FÍSICA | |
| Extensión | 259 páginas |
| 500 ## - NOTA GENERAL | |
| Nota general | Disponible para miembros de UNIBE a través del portal web del CRAI: https://www.unibe.edu.do/biblioteca/libros-electronicos/ |
| 505 ## - NOTA DE CONTENIDO CON FORMATO | |
| Nota de contenido con formato | 1. Don’t enter the ‘market’ for ideas |<br/>2. Don’t debate it |<br/>3. Act first, think later |<br/>4. Think with your friends |<br/>5. Take back twitter (and other infrastructure) |<br/>6. Fight social atrophy |<br/>7. Loving and leaving the liberal ideal (or, to my fellow lovers of ideas) |<br/> |
| 650 #7 - PUNTO DE ACCESO ADICIONAL DE MATERIA--TÉRMINO DE MATERIA | |
| Fuente del encabezamiento o término | lemb |
| Término de materia o nombre geográfico como elemento de entrada | Ciencias políticas |
| 650 #7 - PUNTO DE ACCESO ADICIONAL DE MATERIA--TÉRMINO DE MATERIA | |
| Fuente del encabezamiento o término | lemb |
| Término de materia o nombre geográfico como elemento de entrada | Democracia |
| 653 ## - TÉRMINO DE INDIZACIÓN--NO CONTROLADO | |
| Término no controlado | Idiología política |
| 655 #4 - TÉRMINO DE INDIZACIÓN--GÉNERO/FORMA | |
| Datos o término principal de género/forma | Recurso electrónico |
| 9 (RLIN) | 42681 |
| 856 ## - LOCALIZACIÓN Y ACCESO ELECTRÓNICOS | |
| Identificador Uniforme del Recurso | <a href="https://ebookcentral.proquest.com/lib/unibedr/detail.action?docID=32003542">https://ebookcentral.proquest.com/lib/unibedr/detail.action?docID=32003542</a> |
| 942 ## - ELEMENTOS DE PUNTO DE ACCESO ADICIONAL (KOHA) | |
| Fuente del sistema de clasificación o colocación | Sistema de Clasificación Decimal Dewey |
| Tipo de ítem Koha | e-Libro (en línea) |
| Estado de retiro | Estado de pérdida | Fuente del sistema de clasificación o colocación | No para préstamo | Código de colección | Localización permanente | Fecha de adquisición | Total de préstamos | Código de barras | Fecha visto por última vez | Número de copia | Precio válido a partir de | Tipo de ítem Koha |
|---|---|---|---|---|---|---|---|---|---|---|---|---|
| Disponible | Sistema de Clasificación Decimal Dewey | e-Libro de Texto (en línea) | Biblioteca Central UNIBE | 03/07/2025 | EB0494 | 03/07/2025 | 1 copia | 03/07/2025 | e-Libro (en línea) |